000 00592nam a2200193Ia 4500
003 GCL
008 140319s9999 xx 000 0 eng d
040 _aGCL /
_cGCL
082 0 4 _a658.16
_bB C
100 1 _aLACKMAR, JANET
245 1 0 _aCOLLABORATING TO COMPETE: USING STRATEGIC ALLIANCES AND ACQUISITIONS IN THE GLOBAL MARKET PLACE /
_cLACKMAR, JANET
260 _a[S.N] :
_bABT AKVERT SKIRA S.A ،
_c1993
300 _a284
650 0 4 _aMARKETING - DECISION MARKETING
650 0 4 _aMARKETING
650 0 4 _aMARKETING - PLANNING
650 0 4 _aMARKETING - MANAGEMENT
942 _2ddc
_cBK
999 _c16777
_d16777